000 00392nam a2200169Ia 4500
100 _aLathi/B.P/ Ding/Zhi
650 _aCommunication
250 _a4
942 _cBK
366 _f25
245 _aModern digial and analog communication systems
260 _bOxford university press
_c2008
082 _a621.3804
_bLAT
300 _a903
546 _aENGLISH
_cPAMPHALETS
999 _c25776
_d25776